000 00663nam a2200169Ia 4500
999 _c36261
_d36261
003 GCL
005 20240530103027.0
008 140319s9999 xx 000 0 ara d
040 _aGCL /
_cGCL
082 0 4 _a230
_bف و
100 1 _aفريد بن امين الهنداوى
245 1 0 _aوجوب اعفاء اللحية :للامام المحدث العلامة الشيخ محمد زكريا الكانوهلوى /
_cفريد بن امين الهنداوى؛ عبدالعزيز بن باز
260 _a[S.N] :
_bمنشور مكتبة السنه بالقاهرة ،
_c1987
300 _a96 ص
700 1 _aعبدالعزيز بن باز
942 _2ddc
_cBK